Red man, green man: performance indicators for urban sustainability (Record no. 102186)

MARC details
000 -LEADER
fixed length control field 00986cam a2200241 4500
001 - CONTROL NUMBER
control field
008 - FIXED-LENGTH DATA ELEMENTS--GENERAL INFORMATION
fixed length control field 020716n2002 000 0 eng u
020 ## - INTERNATIONAL STANDARD BOOK NUMBER
International Standard Book Number 1842191012
035 ## - SYSTEM CONTROL NUMBER
System control number (Sirsi) u118859
041 ## - LANGUAGE CODE
Language code of text/sound track or separate title eng.
050 ## - LIBRARY OF CONGRESS CALL NUMBER
Classification number 333.72
100 ## - MAIN ENTRY--PERSONAL NAME
Personal name Cox, J.
245 ## - TITLE STATEMENT
Title Red man, green man: performance indicators for urban sustainability
260 ## - PUBLICATION, DISTRIBUTION, ETC.
Place of publication, distribution, etc. London
Name of publisher, distributor, etc. RICS Foundation
Date of publication, distribution, etc. 2002
300 ## - PHYSICAL DESCRIPTION
Extent v,58p.
Dimensions 28cm.
490 ## - SERIES STATEMENT
Series statement RICS Foundation Research Review Series
520 ## - SUMMARY, ETC.
Summary, etc. Reviews the ways in which progress towards sustainable urban development can be measured. The report finds that those involved in urban development, and the construction and property industries in particular, are 'sceptical, suspicious or unaware' of sustainability issues and urges businesses to actively engage in the sustainability debate.
650 ## - SUBJECT ADDED ENTRY--TOPICAL TERM
Topical term or geographic name entry element PERFORMANCE INDICATORS
690 ## - LOCAL SUBJECT ADDED ENTRY--TOPICAL TERM (OCLC, RLIN)
Topical term or geographic name as entry element DEVELOPMENT-SUSTAINABLE
700 ## - ADDED ENTRY--PERSONAL NAME
Personal name Fell, D.
700 ## - ADDED ENTRY--PERSONAL NAME
Personal name Thurstain-Goodwin, M.
942 ## - ADDED ENTRY ELEMENTS (KOHA)
Suppress in OPAC 0
Holdings
Withdrawn status Lost status Source of classification or shelving scheme Damaged status Not for loan Home library Current library Shelving location Date acquired Total Checkouts Full call number Barcode Date last seen Copy number Price effective from Koha item type Date last checked out
    Dewey Decimal Classification     London London RICS Boxes 16/07/2002   RICS 2002/23 30066248 06/08/2019 1 06/08/2019 Archive  
    Dewey Decimal Classification     London London RICS Boxes 16/07/2002   RICS 2002/23 30066269 06/08/2019 2 06/08/2019 Reference material  
    Dewey Decimal Classification     London London RICS Boxes 14/11/2003 8 RICS 2002/23 30067875 06/08/2019 3 06/08/2019 Book 05/06/2006